| 000 | 00619nam a22001937a 4500 | ||
|---|---|---|---|
| 999 |
_c8976 _d8976 |
||
| 003 | AR-CdUCM | ||
| 008 | 190327b ||||| |||| 00| 0 spa d | ||
| 040 |
_aMUNICIPALIDAD PROVINCIAL DEL CUSCO _cBIBLIOTECA MUNICIPAL DEL CUSCO |
||
| 082 |
_a079.856 / _bP13 |
||
| 100 |
_aPacheco Farfán, Juvenal _924889 |
||
| 245 | _aCiencia del Periodismo y sus Categorías Axiológicas / | ||
| 260 |
_aCusco - Perú : _bJl Editores ; _c2001. |
||
| 300 |
_a170 páginas ; _c21cm |
||
| 505 | _aContenido: Periodismo | ||
| 650 |
_aPeriodismo _91929 |
||
| 710 |
_aMunicipalidad del Cusco _9876 |
||
| 942 |
_2ddc _cLIBROS |
||
| 945 | _anom | ||